000 03115nam a22003377a 4500
001 TIC 023
003 gtcocun
005 20250922195403.0
006 a||||gr|||| 00| 0
007 ta
008 250922b2023 gt ||||| m||| 00| 0 eng d
040 _agtcocun
_bSPA
_cgtcocun
_eRDA
041 _aSPA TIC 023
084 _0TIC 023
100 _aMorales Chen, Stephanie Fernanda
_eAutor
245 _aINFORME FINAL DEL EJERCICIO PROFESIONAL SUPERVISADO DISEÑO Y PLANIFICACIÓN DEL RASTRO MUNICIPAL Y DISEÑO Y PLANIFICACIÓN DEL MERCADO COMUNAL DE DOS NIVELES DE LA ALDEA NUEVO VINAROZ, SAN MIGUEL TUCURÚ, ALTA VERAPAZ./
_cStephanie Fernanda Morales Chen.
_hImpreso
264 _aCobán, Alta Verapaz:
_bUniversidad de San Carlos de Guatemala, Centro Universitario del Norte, Ingeniería Civil
_c2023
300 _a193 p.:
_bIlustraciones, gráficas.
_c28 cm;
300 _cPDF
336 _2rdacontenido
_aTexto
_btxt
337 _2rdamedio
_aComputadora
_bn
338 _2rdasoporte
_aCódigo en línea
_bcr
502 _eTIC 023
502 _aTesis de grado
_bIngeniería Civil,
_cUniversidad de San Carlos de Guatemala, Centro Universitario del Norte, Ingeniería Civil
_d2023
_oTIC 023
520 1 4 _aEl Ejercicio Profesional Supervisado EPS de Carreras de Ingeniería Civil del Centro Universitario del Norte tiene como finalidad integrar los conocimientos del estudiante al interpretar objetivamente la realidad nacional, mediante la confrontación cotidiana de la teoría con la práctica. El presente informe detalla la ejecución de las actividades realizadas, en la Municipalidad de San Miguel Tucurú, Alta Verapaz, con un enfoque en el campo de la ingeniería civil, el cual tuvo un lapso de 8 meses dividiéndose en la realización de las siguientes actividades: diagnóstico, plan de trabajo y ejecución de actividades. Al inicio se realizó un diagnóstico de la situación de la municipalidad y las deficiencias del municipio de Tucurú, en proyectos de infraestructura, saneamiento, alcantarillado, entre otros. En esta etapa se obtuvo la identificación y jerarquización de las problemáticas desde la más relevante a la menos, donde se determinó la deficiencia en el lugar de matanza del ganado bovino del municipio de Tucurú, las malas condiciones en el lugar de comercialización y la falta de espacio para reuniones de la comunidad de la Aldea Nuevo Vinaroz de Tucurú. La elaboración de la propuesta del proyecto integra, los conocimientos adquiridos y el análisis de las necesidades de las situaciones al desarrollar las actividades necesarias para la ejecución de los proyectos de una manera óptima, para solucionar la problemática establecida.
650 1 4 _2LEMB
_aTucurú, ALta Verapaz.
_xIngeniería
_xAlcantarillado
_xEjecución de actividades
_xPlan de trabajo
_xSaneamiento
_xInfrastructura
700 _aInga. Civil Sindry Yaneth Pacay Morales
_eAsesor
856 _uhttps://drive.google.com/file/d/1VYIk3HKt6pjCzThgBcjLuTppOZWDisJn/view
_yPDF
_zUn ejemplar en línea.
942 _2ddc
_cTES
_iTIC 023
_kClasificación
_n0
_6TIC_023_000000000000000
999 _c2066
_d2066